000 00486nam a22001577a 4500
003 OSt
005 20150910141224.0
008 150910b xxu||||| |||| 00| 0 eng d
040 _cRUA
082 _aAGR ប្រាក់ 1995 B012 Or.1
100 _9238
_aប្រាក់ ជាតិថូ
245 _aបច្ចេកទេសដាំកូលាបនៅខេត្តកណ្តាល
260 _aPhnom Penh
_bRUA
_c1995
300 _a70p.
_bill.
_c29cm.
942 _2ddc
_cAGR
999 _c223
_d223